|
|
|
|
| LEADER |
00570cam a2200169 7i4500 |
| 001 |
0000023718 |
| 005 |
20211227090000.0 |
| 090 |
0 |
0 |
|a M 658.408
|b SUR
|
| 110 |
2 |
# |
|a Suruhanjaya Syarikat Malaysia (SSM)
|
| 245 |
2 |
0 |
|a Corporate responsibility agenda.
|
| 260 |
0 |
0 |
|a Kuala Lumpur:
|b Suruhanjaya Syarikat Malaysia.
|
| 300 |
# |
# |
|a 59 p.
|
| 650 |
0 |
0 |
|a Social responsibility of business --
|z Malaysia
|
| 650 |
0 |
0 |
|a Corporations --
|x Social aspects --
|z Malaysia
|
| 650 |
0 |
0 |
|a Suruhanjaya Syarikat Malaysia
|
| 651 |
0 |
0 |
|a Malaysia
|
| 999 |
|
|
|a 0000025205
|b Book
|c Malaysia
|e Business Information Centre
|